书目信息 |
| 题名: |
阅读力
|
|
| 作者: | 聂震宁 著 | |
| 分册: | ||
| 出版信息: | 北京 生活·读书·新知三联书店 2017 |
|
| 页数: | 291页 | |
| 开本: | 21cm | |
| 丛书名: | ||
| 单 册: | ||
| 中图分类: | G252.17 | |
| 科图分类: | ||
| 主题词: | 读书活动--研究--中国 | |
| 电子资源: | ||
| ISBN: | 978-7-108-05125-7 | |
| 000 | 00938nam0 2200217 450 | |
| 001 | 177 | |
| 005 | 20180519112439.92 | |
| 010 | @a978-7-108-05125-7@dCNY39.00 | |
| 100 | @a20170524d2017 em y0chiy0110 ea | |
| 101 | 0 | @achi |
| 102 | @aCN@b110000 | |
| 105 | @ay z 000yy | |
| 200 | 1 | @a阅读力@9yue du li@f聂震宁著 |
| 210 | @a北京@c生活·读书·新知三联书店@d2017 | |
| 215 | @a291页@d21cm | |
| 330 | @a《阅读力》一书说理深入浅出,行文明白晓畅,文风朴实亲切,适合各类阅读爱好者研读。在“碎片化”阅读盛行的今天,人们似乎更热衷于读手机、读短信、读微博、读微信等“肤浅化”的阅读方式,作者对此现像进行了辨证的分析,更从许多真实的事例、名人的阅读案例来强调深度阅读的重要性,并提出“忙时读屏、闲时读书”的理念,从而说明一个道理:阅读力的培养实际是对人们思维能力的培养。 | |
| 606 | 0 | @a读书活动@x研究@y中国 |
| 690 | @aG252.17@v5 | |
| 701 | 0 | @a聂震宁@9nie zhen ning@f(1951-)@4著 |
| 801 | 0 | @aCN@b91MARC@c20170524 |
| 905 | @aMuseLib@dG252.17@e108 | |
| 阅读力/聂震宁著.-北京:生活·读书·新知三联书店,2017 |
| 291页;21cm |
| ISBN 978-7-108-05125-7:CNY39.00 |
| 《阅读力》一书说理深入浅出,行文明白晓畅,文风朴实亲切,适合各类阅读爱好者研读。在“碎片化”阅读盛行的今天,人们似乎更热衷于读手机、读短信、读微博、读微信等“肤浅化”的阅读方式,作者对此现像进行了辨证的分析,更从许多真实的事例、名人的阅读案例来强调深度阅读的重要性,并提出“忙时读屏、闲时读书”的理念,从而说明一个道理:阅读力的培养实际是对人们思维能力的培养。 |
| ● |
| 相关链接 |
|
|
|
|
正题名:阅读力
索取号:G252.17/108
 
预约/预借
| 序号 | 登录号 | 条形码 | 馆藏地/架位号 | 状态 | 备注 |
| 1 | 1100994 | 211009941 | 第一样本阅览室/ [索取号:G252.17/108] | 在馆 | |
| 2 | 1100995 | 211009950 | 教育系资料室/ [索取号:G252.17/108] | 在馆 | |
| 3 | 1100996 | 211009969 | 教育系资料室/ [索取号:G252.17/108] | 在馆 | |
| 4 | 1100997 | 211009978 | 教育系资料室/ [索取号:G252.17/108] | 在馆 | |
| 5 | 1100998 | 211009987 | 第四借阅区/ [索取号:G252.17/108] | 在馆 | |
| 6 | 1100999 | 211009996 | 第四借阅区/ [索取号:G252.17/108] | 在馆 |